| 000 | 00751nam a2200229 a 4500 | ||
|---|---|---|---|
| 001 | BRCA_4817 | ||
| 005 | 20190320204823.0 | ||
| 008 | 050803s2003 sp-ab#####---#000-0#spa-# | ||
| 020 | _a8488333811 | ||
| 041 | _aspa | ||
| 044 | _asp | ||
| 050 | 4 |
_aPQ6351 _b.S63 2003 |
|
| 245 | 1 | 0 |
_aSobre Cervantes _cedición de Diego Martínez Torrón. |
| 260 |
_aEspaña _bCentro de Estudios Cervantinos _c2003 |
||
| 300 |
_a272 p. _bil., 1 mapa _c24 cm. |
||
| 504 | _aIncluye referencias bibliográficas | ||
| 600 | 1 | 4 |
_aCervantes Saavedra, Miguel de _d1547-1616 _xCrítica e interpretación _912211 |
| 600 | 1 | 4 |
_aCervantes Saavedra, Miguel de _d1547-1616 _tDon Quixote _912111 |
| 700 | 1 |
_aMartínez Torrón, Diego _eed. _912212 |
|
| 902 | _aCERV | ||
| 942 |
_2lcc _cB |
||
| 999 |
_c4513 _d4513 |
||